| 000 | 00678nam a2200181Ia 4500 | ||
|---|---|---|---|
| 008 | 100921s9999 xx 000 0 und d | ||
| 082 |
_b29239 _a891.462 थ 97 |
||
| 100 | _aसोनवणी संजय. | ||
| 245 | _aमीच मांडीन खेळ माझा. | ||
| 260 |
_bपुष्प प्रकाशन,पुणे. _c1997 |
||
| 300 |
_a80 _bरसिक साहित्य,पुणे |
||
| 365 | _b50 | ||
| 520 | _aललित-नाटके. | ||
| 630 | _aमीच मांडीन खेळ माझा. | ||
| 650 | _aललित-नाटके. | ||
| 730 | _aमीच मांडीन खेळ माझा. | ||
| 942 | _cBOOK | ||
| 999 |
_c778352 _d778349 |
||